Focus sur: Elladan - Tolkien - Statistiques

Statistiques générales
  • Ce quiz a été pris 12 fois
  • Le résultat moyen est 11 sur 12
Statistiques - réponses
Informations recherchées Réponses % Correct
Sœur Arwen
100%
Espèce Elfe
100%
Père Elrond
100%
Groupe de l'espèce Sindar
100%
Couleur des cheveux "Sombre"
100%
Ages durant lequel il vécut Troisième/Quatrième
100%
Frère Elrohir
89%
Contrée Eriador
89%
Cité Fondcombe
89%
Première mention Le Seigneur des Anneaux: La Communauté de l'Anneau
89%
Profession et titre Seigneur/Guerrier
89%
Mère Celebrían
78%
Aucun quiz correspondant
Distribution des résultats
% des personnes avec chaque résultat
Percentile par nombre de réponses
Votre historique - résultats
Vous n’avez pas pris ce quiz